Team to Athlete - Statistics

General Stats
  • This quiz has been taken 14 times
  • The average score is 23 of 30
Answer Stats
Team # Athlete % Correct
13) Lakers, Bucks 33 Kareem Abdul-Jabbar
100%
6) Lakers 8, 24 Kobe Bryant
100%
29) Mavericks, Lakers 77 Luka Doncic
100%
3) Bulls, Wizards 23 Michael Jordan
100%
26) Lakers, Heat, Suns, Cavs,Magic, Celtics 34, 36, 32, 33 Shaquille ONeal
100%
20) Saints 9 Drew Brees
92%
21) Eagles 1 Jalen Hurts
92%
16) Chiefs 15 Patrick Mahomes
92%
7) Colts, Broncos 18 Peyton Manning
92%
2) Patriots, Buccaneers 12 Tom Brady
92%
5) Oilers, Kings, Rangers, Blues 99 Wayne Gretzky
92%
14) Packers, Jets 12, 8 Aaron Rodgers
83%
27) Capitals 8 Alexander Ovechkin
83%
8) Yankees 2 Derek Jeter
83%
11) Dodgers 42 Jackie Robinson
83%
12) Lakers, Warriors, 76ers 13 Wilt Chamberlain
83%
10) Red Sox, Yankees, Braves 3 Babe Ruth
75%
23) Cowboys 4 Dak Prescott
75%
17) Angels 27 Mike Trout
75%
30) Eagles, Giants 26 Saquon Barkley
75%
28) Steelers 12 Terry Bradshaw
75%
4) Yankees 99 Aaron Judge
67%
24) Dodgers, Angels 17 Shohei Ohtani
67%
25) Yankees 7 Mickey Mantle
58%
18) Penguins 87 Sydney Crosby
58%
19) Twins, Red Sox 34 David Ortiz
50%
9) Red Wings 9 Gordie Howe
50%
1) Uconn, Dallas 5 Paige Bueckers
33%
15) Uconn, Mercury 3 Diana Taurasi
25%
22) Bruins 37 Patrice Bergeron
8%
No matching quizzes found
Score Distribution
Percent of People with Each Score
Percentile by Number Answered
Your Score History
You have not taken this quiz